Solution studies of chrysotile, lizardite, and antigorite /

"Reevaluation of the differential solution method for serpentine-group minerals."

Bibliographic Details
Main Author: Faust, George Tobias, 1908-1985
Other Authors: Nagy, Bartholomew, 1927-
Format: Government Document Book
Language:English
Published: Washington : U.S. Govt. Print. Off, 1967.
Series:Studies of the natural phases in the system MgO-SiO[subscript 2]-H[subscript 2]O and the systems containing the congeners of magnesium.
Geological Survey professional paper ; 384-B.
Subjects:

MARC

Tag First Indicator Second Indicator Subfields
LEADER 00000cam a2200000 4500
001 in00002784890
005 20151202171857.0
008 700506s1967 dcua b 000 0 eng
010 |a  74605568  
019 |a 16649677 
035 |a (OCoLC)ocm00069533 
035 |a (OCoLC)69533  |z (OCoLC)16649677 
040 |a DLC  |b eng  |c DLC  |d IAS  |d BUF  |d ZEM  |d OCLCA  |d UtOrBLW 
049 |a TXAM 
050 0 0 |a QE75  |b .P9 no. 384-B 
082 0 0 |a 550/.8 s 
086 0 |a I 19.16:384-B 
100 1 |a Faust, George Tobias,  |d 1908-1985. 
245 1 0 |a Solution studies of chrysotile, lizardite, and antigorite /  |c by George T. Faust and Bartholomew S. Nagy. 
264 1 |a Washington :  |b U.S. Govt. Print. Off,  |c 1967. 
300 |a iii, 93-105 pages :  |b illustrations ;  |c 29 cm. 
336 |a text  |b txt  |2 rdacontent 
337 |a unmediated  |b n  |2 rdamedia 
338 |a volume  |b nc  |2 rdacarrier 
490 1 |a Studies of the natural phases in the system MgO-SiO[subscript 2]-H[subscript 2]O and the systems containing the congeners of magnesium 
490 1 |a Geological Survey professional paper 384-B 
504 |a Bibliography: page 105. 
520 |a "Reevaluation of the differential solution method for serpentine-group minerals." 
650 0 |a Chrysotile. 
650 0 |a Lizardite. 
650 0 |a Antigorite. 
700 1 |a Nagy, Bartholomew,  |d 1927- 
830 0 |a Studies of the natural phases in the system MgO-SiO[subscript 2]-H[subscript 2]O and the systems containing the congeners of magnesium. 
830 0 |a Geological Survey professional paper ;  |v 384-B. 
948 |a cataloged  |b h  |c 2012/12/14  |d c  |e mvaldespin  |f 01:22:15 pm 
994 |a C0  |b TXA 
999 |a MARS 
999 f f |s 9919df3a-1f56-3e6a-bf73-2737823212db  |i a721f738-3d37-3be9-9c18-78ac615c7652  |t 0 
952 f f |p normal  |a Texas A&M University  |b College Station  |c Sterling C. Evans Library  |d Evans: US Documents (Annex 5th floor)  |t 0  |e I 19.16:382-A-385  |h Superintendent of Documents classification  |i unmediated -- volume  |m A14837789682 
952 f f |a Texas A&M University  |b College Station  |c Sterling C. Evans Library  |d Evans: US Documents (Annex 5th floor)  |t 0  |e I 19.16:382-A-385  |h Superintendent of Documents classification 
998 f f |a I 19.16:382-A-385  |t 0  |l Evans: US Documents (Annex 5th floor)